00209nam a22000857a 4500082002100000100004100021245002400062260002900086300000800115 a7490aآ ض ف aمحمد آصفaمحمد آصف aمقلات سيرت aکراچbکراچc1977 a254